000 01127nam a22002537a 4500
005 20170124103120.0
010 _aB-071011
020 _c100.00
_a8185244677
035 _aB-071011
037 _bCen Lib/Ret
040 _aDPL
_bHN
082 _a394.2
_bकौशिक
100 _aकौशिक, जय नारायण
_943705
245 _aहमारे तीज-त्योहार और मेले /
_cजय नारायण कौशिक
246 _aHamare teej-tyohar aur mele /
_bby Jay Narayan Kaushik
260 _aनई दिल्ली
_bहिन्दी बुक सेंटर
_c2003
270 _bनई दिल्ली
_a 4/5-बी , आसफ अली रोड
_e110002
300 _a98पृ.
_c20सेमी(सजिल्द)
650 _aभारतीय त्योहार और मेले
_981766
650 _aभारतीय -- स्थानीय त्योहार
_946379
650 _aIndian Festivals and Fairs
_981767
650 _aIndian - local festival
_981768
942 _2ddc
_cHN
_h394.2
_mकौशिक
999 _c118755
_d118755